Estadística de la Educación Superior 1981 /
Guardado en:
| Autor Corporativo: | |
|---|---|
| Formato: | Texto |
| Publicado: |
San José, C.R.:
OPES
|
| Materias: | |
| Etiquetas: |
Agregar Etiqueta
Sin Etiquetas, Sea el primero en etiquetar este registro!
|
MARC
| LEADER | 00000 a a2200000 04500 | ||
|---|---|---|---|
| 001 | 46171 | ||
| 003 | |||
| 040 | |||
| 020 | |a 1409-2964 | ||
| 090 | |a REV0801 (09)1982 | ||
| 110 | |a Consejo Nacional de Rectores | ||
| 245 | |a Estadística de la Educación Superior 1981 / |c Consejo Nacional de Rectores | ||
| 260 | |a San José, C.R.: |b OPES | ||
| 650 | |a EDUCACION SUPERIOR | ||
| 650 | |a ESTADISTICA DE LA EDUCACION | ||
| 650 | |a UNIVERSIDADES | ||
| 650 | |a COSTA RICA | ||
| 773 | |g número9 (1982) | ||
| 999 | |c 21109 |d 21109 | ||
